[Event "World Open"]
[Site "Arlington, VA"]
[Date "2013.07.07"]
[Round "9.9"]
[White "Neimer, Vitaly"]
[Black "Kacheishvili, Giorgi"]
[Result "0-1"]
[WhiteElo "2393"]
[BlackElo "2588"]
[PlyCount "82"]
[EventDate "2013.07.??"]
[EventType "swiss"]
[EventRounds "9"]
[EventCountry "USA"]

1. e4 c5 2. Nc3 Nc6 3. g3 g6 4. Bg2 Bg7 5. d3 d6 6. f4 e6 7. Nf3 Nge7 8. O-O
O-O 9. Be3 b6 10. d4 Ba6 11. Re1 Rc8 12. a4 Bb7 13. Nb5 a6 14. Na3 cxd4 15.
Nxd4 Nxd4 16. Bxd4 e5 17. fxe5 Nc6 18. Bh3 Rb8 19. Nc4 Nxd4 20. Qxd4 Bxe5 21.
Nxe5 dxe5 22. Qxe5 Re8 23. Qc3 Rxe4 24. Red1 Qe8 25. Rd3 Re2 26. Rad1 Qxa4 27.
Rd8+ Rxd8 28. Rxd8+ Re8 29. b3 Qe4 30. Rxe8+ Qxe8 31. Bg2 Bxg2 32. Kxg2 Qe2+
33. Kg1 h5 34. Qc8+ Kh7 35. Qc7 Qe3+ 36. Kf1 Kg7 37. Qc4 a5 38. Kg2 Qe5 39. Qd3
b5 40. c4 a4 41. bxa4 bxa4 0-1

[Event "World Open"]
[Site "Arlington, VA"]
[Date "2013.07.07"]
[Round "9.11"]
[White "Shabalov, Alex"]
[Black "Yang, Darwin"]
[Result "1-0"]
[WhiteElo "2553"]
[BlackElo "2485"]
[PlyCount "63"]
[EventDate "2013.07.??"]
[EventType "swiss"]
[EventRounds "9"]
[EventCountry "USA"]

1. e4 e6 2. d4 d5 3. Nc3 dxe4 4. Nxe4 Nd7 5. Nf3 Ngf6 6. Nxf6+ Nxf6 7. Be3 Nd5
8. Bd2 c5 9. Bb5+ Bd7 10. Bxd7+ Qxd7 11. c4 Nb6 12. Rc1 Be7 13. dxc5 Bxc5 14.
b4 Be7 15. c5 Nd5 16. Ne5 Qc7 17. Qa4+ Kf8 18. Nc4 h6 19. O-O g6 20. Ne3 Nf6
21. b5 Kg7 22. Ba5 Qc8 23. c6 Re8 24. Rfd1 bxc6 25. bxc6 Qa6 26. c7 Rac8 27. h3
h5 28. Rc6 Qb7 29. Qc4 Kg8 30. Bc3 a6 31. a4 Nh7 32. Rxe6 1-0

[Event "World Open"]
[Site "Arlington, VA"]
[Date "2013.07.07"]
[Round "9.13"]
[White "Vioreanu, Bogdan"]
[Black "Molner, Mackenzie"]
[Result "1/2-1/2"]
[WhiteElo "2404"]
[BlackElo "2501"]
[PlyCount "139"]
[EventDate "2013.07.??"]
[EventType "swiss"]
[EventRounds "9"]
[EventCountry "USA"]

1. d4 Nf6 2. c4 g6 3. Nc3 d5 4. Nf3 Bg7 5. Bg5 Ne4 6. cxd5 Nxg5 7. Nxg5 O-O 8.
Nf3 c6 9. dxc6 Nxc6 10. e3 e5 11. d5 e4 12. dxc6 exf3 13. Qxd8 Rxd8 14. c7 Rd7
15. Rd1 Bxc3+ 16. bxc3 fxg2 17. Bxg2 Rxc7 18. Rd8+ Kg7 19. Kd2 Rd7+ 20. Rxd7
Bxd7 21. Bd5 Rd8 22. c4 Be6 23. e4 b5 24. Kd3 Kf6 25. Rb1 bxc4+ 26. Kxc4 Rc8+
27. Kd3 Rc5 28. Bxe6 Kxe6 29. Rb2 Ra5 30. Ke3 g5 31. Kf3 h5 32. Kg3 Ra3+ 33.
Kg2 f6 34. f3 Ke5 35. Rb5+ Kd4 36. Rb2 h4 37. Kf2 Kd3 38. Re2 Ra5 39. Rb2 Kd4
40. Rb4+ Kc3 41. Rb3+ Kc2 42. f4 Rxa2 43. Rh3 g4 44. Re3 Kd1+ 45. Kg1 h3 46. e5
Rg2+ 47. Kf1 Rxh2 48. exf6 Rd2 49. Kg1 Rd4 50. Ra3 Rxf4 51. Rxa7 Rxf6 52. Rg7
Rf4 53. Kh2 Ke2 54. Kg3 Re4 55. Ra7 Kf1 56. Ra1+ Re1 57. Ra2 Kg1 58. Rb2 Ra1
59. Rc2 Rd1 60. Ra2 Re1 61. Rb2 Re3+ 62. Kf4 Re7 63. Kg3 Re3+ 64. Kf4 Re8 65.
Kg3 Rf8 66. Rb1+ Rf1 67. Rb2 Rd1 68. Ra2 Rd3+ 69. Kxg4 h2 70. Ra1+ 1/2-1/2

[Event "World Open"]
[Site "Arlington, VA"]
[Date "2013.07.07"]
[Round "9.14"]
[White "Getz, Alec"]
[Black "Gerzhoy, Leonid"]
[Result "0-1"]
[WhiteElo "2332"]
[BlackElo "2469"]
[PlyCount "74"]
[EventDate "2013.07.??"]
[EventType "swiss"]
[EventRounds "9"]
[EventCountry "USA"]

1. e4 e5 2. Nf3 d6 3. d4 Nf6 4. Nc3 Nbd7 5. Bc4 Be7 6. O-O O-O 7. Re1 c6 8. a4
b6 9. b3 Bb7 10. Ba3 Rc8 11. Qd2 a6 12. Bd3 Re8 13. Ne2 Bf8 14. Ng3 exd4 15.
Nxd4 g6 16. Rad1 Ne5 17. Bf1 c5 18. Nf3 Nxf3+ 19. gxf3 Nd7 20. Bb2 Ne5 21. Kg2
Qh4 22. Bc4 Rcd8 23. Qe2 Bc8 24. Bxe5 Rxe5 25. Bxa6 Bh3+ 26. Kg1 d5 27. c4 d4
28. Bb7 Bh6 29. Bd5 Bf4 30. a5 Rh5 31. Qd3 bxa5 32. e5 Bg2 33. Kxg2 Qxh2+ 34.
Kf1 Bxg3 35. Rd2 Rxd5 36. cxd5 Qh1+ 37. Ke2 Rxe5+ 0-1

[Event "World Open"]
[Site "Arlington, VA"]
[Date "2013.07.07"]
[Round "9.15"]
[White "Kaufman, Lawrence"]
[Black "Troff, Kayden"]
[Result "0-1"]
[WhiteElo "2325"]
[BlackElo "2427"]
[PlyCount "56"]
[EventDate "2013.07.??"]
[EventType "swiss"]
[EventRounds "9"]
[EventCountry "USA"]

1. d4 Nf6 2. c4 g6 3. f3 d5 4. cxd5 Nxd5 5. e4 Nb6 6. Nc3 Bg7 7. Be3 O-O 8. Qd2
Nc6 9. O-O-O Qd6 10. Kb1 Rd8 11. Nb5 Qd7 12. d5 a6 13. Nc3 Ne5 14. Bd4 c5 15.
Bxc5 Nec4 16. Qf2 Bxc3 17. bxc3 Na4 18. Bxc4 Qc7 19. Bd4 Qxc4 20. Qc2 Rxd5 21.
Ka1 Rb5 22. Qe2 Be6 23. Qxc4 Bxc4 24. Rb1 e5 25. Rxb5 axb5 26. Bxe5 Nc5 27. Nh3
Rxa2+ 28. Kb1 Rd2 0-1

[Event "World Open"]
[Site "Arlington, VA"]
[Date "2013.07.07"]
[Round "9.17"]
[White "Cornejo, Max"]
[Black "Shen, Arthur"]
[Result "1/2-1/2"]
[WhiteElo "2395"]
[BlackElo "2286"]
[PlyCount "131"]
[EventDate "2013.07.??"]
[EventType "swiss"]
[EventRounds "9"]
[EventCountry "USA"]

1. e4 e5 2. Nf3 Nc6 3. Bb5 Nge7 4. d4 exd4 5. Nxd4 g6 6. Nxc6 Nxc6 7. Bd2 Bg7
8. Bc3 O-O 9. O-O d6 10. Bxg7 Kxg7 11. Nc3 a6 12. Ba4 Be6 13. Nd5 Bxd5 14. Qxd5
Qd7 15. c3 Rae8 16. f4 b5 17. Bc2 Ne7 18. Qd4+ Kg8 19. a4 d5 20. axb5 axb5 21.
f5 Nc6 22. Qxd5 Qxd5 23. exd5 Ne7 24. fxg6 hxg6 25. Be4 Rd8 26. Rfd1 Rd7 27.
Ra5 c6 28. Rd4 Nxd5 29. Bxd5 cxd5 30. Rxb5 Rfd8 31. Kf2 Kg7 32. Rb6 Re8 33. Rd2
Re6 34. Rb4 Kf6 35. Rbd4 Rb6 36. c4 Rdb7 37. Rxd5 Rxb2 38. Ke2 Rxd2+ 39. Rxd2
Rb3 40. Rd3 Rb2+ 41. Rd2 Rb3 42. Kd1 Rb4 43. Rc2 Ke5 44. Ke2 Kd4 45. c5 Rb7 46.
Kf3 Rc7 47. Kg4 f6 48. Rf2 Ke5 49. Rc2 Kd5 50. Rd2+ Ke5 51. Re2+ Kd5 52. Rd2+
Ke5 53. Rc2 Kd5 54. h4 Rxc5 55. Rxc5+ Kxc5 56. h5 gxh5+ 57. Kf5 Kd6 58. Kxf6 h4
59. Kg5 h3 60. gxh3 Ke7 61. Kg6 Kf8 62. h4 Kg8 63. h5 Kh8 64. h6 Kg8 65. h7+
Kh8 66. Kh6 1/2-1/2

[Event "World Open"]
[Site "Arlington, VA"]
[Date "2013.07.07"]
[Round "9.21"]
[White "Hossain, Enamul"]
[Black "Shetty, Atulya"]
[Result "1/2-1/2"]
[WhiteElo "2487"]
[BlackElo "2320"]
[PlyCount "61"]
[EventDate "2013.07.??"]
[EventType "swiss"]
[EventRounds "9"]
[EventCountry "USA"]

1. Nf3 d5 2. d4 Nf6 3. c4 c6 4. Qc2 a6 5. g3 e6 6. Bg2 Nbd7 7. O-O Bd6 8. Nbd2
O-O 9. e4 dxe4 10. Nxe4 Nxe4 11. Qxe4 h6 12. b3 Qe7 13. Ne5 Nf6 14. Qe2 Rd8 15.
Bf4 Bd7 16. Rad1 Be8 17. Rd3 a5 18. a4 c5 19. Rfd1 cxd4 20. Rxd4 Bc5 21. R4d3
Rxd3 22. Qxd3 Rc8 23. Bf3 Nh7 24. h4 b6 25. Kg2 Nf8 26. Qe2 Rd8 27. Nd3 Bd4 28.
Qd2 Bf6 29. Be3 Qc7 30. Qe2 Ng6 31. Kg1 1/2-1/2

[Event "World Open"]
[Site "Arlington, VA"]
[Date "2013.07.07"]
[Round "9.22"]
[White "Sarkar, Justin"]
[Black "Gulamali, Kazim"]
[Result "1/2-1/2"]
[WhiteElo "2451"]
[BlackElo "2307"]
[PlyCount "72"]
[EventDate "2013.07.??"]
[EventType "swiss"]
[EventRounds "9"]
[EventCountry "USA"]

1. d4 Nf6 2. c4 e6 3. Nc3 c5 4. d5 exd5 5. cxd5 d6 6. Nf3 g6 7. Bf4 a6 8. a4
Bg7 9. h3 O-O 10. e3 Qe7 11. Nd2 Nbd7 12. Nc4 Ne8 13. Be2 f5 14. O-O Ne5 15.
Nb6 Rb8 16. a5 g5 17. Bh2 f4 18. exf4 gxf4 19. Bf3 Nc7 20. Ra4 Bh6 21. Nxc8
Rbxc8 22. Re4 Nb5 23. Bg4 Rce8 24. Be6+ Kh8 25. Nxb5 axb5 26. b4 c4 27. Qd4 Qg7
28. f3 Nd3 29. Qb6 Qb2 30. Qxb5 Rxe6 31. dxe6 Rg8 32. Bg3 Rxg3 33. Qe8+ Kg7 34.
Qf7+ Kh8 35. Qe8+ Kg7 36. Qf7+ Kh8 1/2-1/2

[Event "World Open"]
[Site "Arlington, VA"]
[Date "2013.07.07"]
[Round "9.23"]
[White "Enkhbat, Tegshsuren"]
[Black "Aaron, Deepak"]
[Result "1-0"]
[WhiteElo "2428"]
[BlackElo "2271"]
[PlyCount "91"]
[EventDate "2013.07.??"]
[EventType "swiss"]
[EventRounds "9"]
[EventCountry "USA"]

1. d4 d5 2. c4 c6 3. Nf3 Nf6 4. Qc2 e6 5. g3 Nbd7 6. Bg2 Be7 7. O-O O-O 8. Rd1
b6 9. b3 Bb7 10. Nc3 Rc8 11. e4 dxe4 12. Ng5 c5 13. dxc5 Bxc5 14. Bxe4 Nxe4 15.
Ncxe4 f5 16. Nxc5 Rxc5 17. Nxe6 Qc8 18. Nxc5 bxc5 19. Bb2 Qc6 20. Rd5 Nf6 21.
Bxf6 Qxf6 22. Rad1 Bxd5 23. cxd5 Qd6 24. Qc4 Rd8 25. Rc1 a5 26. Qxc5 Qxd5 27.
Qxd5+ Rxd5 28. h4 a4 29. bxa4 Rd2 30. Rc7 Rxa2 31. Ra7 Ra3 32. h5 f4 33. g4 g6
34. h6 Rh3 35. Rg7+ Kh8 36. a5 Rxh6 37. a6 Kxg7 38. a7 Rh4 39. f3 h5 40. a8=Q
hxg4 41. Qd8 Rh3 42. fxg4 Rg3+ 43. Kf2 Kh6 44. Qh4+ Kg7 45. g5 Re3 46. Qh6+ 1-0

[Event "World Open"]
[Site "Arlington, VA"]
[Date "2013.07.07"]
[Round "9.24"]
[White "Kleinman, Michael"]
[Black "Ostrovskiy, Aleksandr"]
[Result "0-1"]
[WhiteElo "2298"]
[BlackElo "2403"]
[PlyCount "98"]
[EventDate "2013.07.??"]
[EventType "swiss"]
[EventRounds "9"]
[EventCountry "USA"]

1. e4 c6 2. d4 d5 3. exd5 cxd5 4. c4 Nf6 5. Nc3 g6 6. Qb3 Bg7 7. cxd5 O-O 8. g3
Re8 9. Nge2 e6 10. Bg2 exd5 11. Be3 Nc6 12. Nxd5 Nxd5 13. Bxd5 Qa5+ 14. Kf1
Bh3+ 15. Bg2 Bg4 16. Nc3 Nxd4 17. Qd5 Qa6+ 18. Kg1 Nc2 19. Rf1 Nxe3 20. fxe3
Be6 21. Qb5 Bc4 22. Qxa6 Bxa6 23. Re1 Bxc3 24. bxc3 Rac8 25. Bf1 Bxf1 26. Kxf1
Rxc3 27. Kf2 Re5 28. Re2 Ra3 29. Rc1 b6 30. Rcc2 Kg7 31. Rcd2 Rea5 32. Kg2 Kf6
33. Kf2 R5a4 34. Rc2 Ke5 35. Kf3 g5 36. Rcd2 h5 37. Rc2 f5 38. Kf2 Ke4 39. Rcd2
b5 40. Rc2 a6 41. Rcd2 Rd3 42. Rc2 Rc4 43. Rb2 b4 44. Rec2 Rdc3 45. Rd2 a5 46.
Re2 Rd3 47. h3 Rcc3 48. g4 fxg4 49. hxg4 h4 0-1

[Event "World Open"]
[Site "Arlington, VA"]
[Date "2013.07.07"]
[Round "9.29"]
[White "Williams, Justus"]
[Black "Balasubramanian, Adithya"]
[Result "1-0"]
[WhiteElo "2199"]
[BlackElo "2298"]
[PlyCount "100"]
[EventDate "2013.07.??"]
[EventType "swiss"]
[EventRounds "9"]
[EventCountry "USA"]

1. Nf3 Nf6 2. c4 g6 3. g3 Bg7 4. Bg2 O-O 5. O-O d5 6. d4 dxc4 7. Ne5 c6 8. Nxc4
Be6 9. b3 Bd5 10. Bb2 Bxg2 11. Kxg2 Na6 12. Nc3 Qc7 13. e3 Rad8 14. Qf3 h5 15.
Rac1 Qb8 16. Rfd1 Nc7 17. Ba3 Rfe8 18. Ne5 Ne6 19. Ne4 Rd5 20. Bb4 Rb5 21. Rc4
Rd5 22. h4 a5 23. Ba3 Qa8 24. Rdc1 Qb8 25. Rd1 Qc7 26. Rc2 Qb8 27. Rc4 Qc7 28.
Ng5 Nd8 29. e4 Rb5 30. Bc5 b6 31. Ba3 c5 32. Qe2 Nd7 33. Nxd7 Qxd7 34. dxc5 Qb7
35. cxb6 Rxb6 36. Bc5 Rc6 37. Bd4 f6 38. Nf3 Re6 39. Bb2 Nf7 40. Ra4 Nd6 41.
Re1 Ra8 42. Kg1 Bh6 43. Qd3 Kf7 44. e5 Qb5 45. Qd1 Nf5 46. exf6 Rxe1+ 47. Qxe1
exf6 48. Qc3 Qb6 49. Rc4 Bg7 50. Rc6 Qd8 1-0

[Event "World Open"]
[Site "Arlington, VA"]
[Date "2013.07.07"]
[Round "9.31"]
[White "Colas, Joshua"]
[Black "Pressman, Leif"]
[Result "1/2-1/2"]
[WhiteElo "2225"]
[BlackElo "2191"]
[PlyCount "118"]
[EventDate "2013.07.??"]
[EventType "swiss"]
[EventRounds "9"]
[EventCountry "USA"]

1. d4 d5 2. c4 c6 3. Nf3 Nf6 4. Nc3 dxc4 5. e3 b5 6. a4 b4 7. Ne2 e6 8. Ng3 Ba6
9. Nd2 c3 10. bxc3 bxc3 11. Nde4 Bxf1 12. Rxf1 Nxe4 13. Nxe4 Qh4 14. Nxc3 Bb4
15. Qb3 a5 16. h3 O-O 17. Bd2 Nd7 18. Rd1 e5 19. Ne2 c5 20. Qd5 Nb6 21. Qc6
Bxd2+ 22. Rxd2 Nc4 23. g3 Qxh3 24. Rc2 Rac8 25. Qe4 cxd4 26. Rh1 Nd6 27. Rxc8
Rxc8 28. Rxh3 Nxe4 29. exd4 exd4 30. Nxd4 Rc4 31. Nb3 Rxa4 32. Rh5 g6 33. Rxa5
Rxa5 34. Nxa5 Kg7 35. Kf1 f5 36. Kg2 Kf6 37. Nc4 Ke6 38. f4 Kd5 39. Nb6+ Ke6
40. Kf3 Nf6 41. Nc4 Ng4 42. Nb6 Kd6 43. Nc4+ Kc5 44. Na5 Nf6 45. Nb7+ Kd4 46.
Nd6 Kd3 47. Nf7 Kd2 48. Nh6 Kd3 49. g4 fxg4+ 50. Nxg4 Ng8 51. f5 gxf5 52. Ne3
Ne7 53. Kf4 Ng6+ 54. Kf3 Ne7 55. Kf4 Nd5+ 56. Nxd5 h5 57. Kxf5 h4 58. Kg4 Kd4
59. Kxh4 Kxd5 1/2-1/2

[Event "World Open (Armageddon Play-off)"]
[Site "Arlington, VA"]
[Date "2013.07.07"]
[Round "10.1"]
[White "Yuniesky, Quesada"]
[Black "Akobian, Varuzhan"]
[Result "1/2-1/2"]
[WhiteElo "2639"]
[BlackElo "2612"]
[PlyCount "104"]
[EventDate "2013.07.??"]
[EventType "swiss"]
[EventRounds "9"]
[EventCountry "USA"]

1. e4 e6 2. d4 d5 3. Nc3 dxe4 4. Nxe4 Nd7 5. Nf3 Ngf6 6. Bg5 h6 7. Nxf6+ Nxf6
8. Bxf6 Qxf6 9. Bd3 Bd6 10. O-O Bd7 11. Qe2 O-O-O 12. Rad1 Bc6 13. Be4 Bxe4 14.
Qxe4 Qf4 15. Qxf4 Bxf4 16. g3 Bd6 17. c3 c6 18. Rfe1 Bc7 19. Ne5 Bxe5 20. Rxe5
Rd5 21. Rde1 Rhd8 22. Kg2 Rxe5 23. Rxe5 Rd5 24. Re2 b5 25. h4 h5 26. a3 a5 27.
b4 a4 28. f3 Kd7 29. g4 Ke7 30. Re3 f6 31. Kg3 Kf7 32. Kf4 g5+ 33. Kg3 hxg4 34.
fxg4 gxh4+ 35. Kxh4 Rd8 36. Kg3 Rh8 37. c4 Rd8 38. cxb5 cxb5 39. Re4 f5 40.
gxf5 exf5 41. Re5 Kf6 42. Rxb5 Rxd4 43. Kf3 Rd3+ 44. Kf4 Rxa3 45. Rxf5+ Ke6 46.
Ra5 Ra1 47. Ke3 Kd6 48. Kd3 Kc6 49. Kc3 Kb6 50. Kb2 Rh1 51. Rxa4 Kb5 52. Ra8
Kxb4 1/2-1/2